| 000 | 00959cam a2200349 4500 | ||
|---|---|---|---|
| 008 | 090401t1993 xxu||||| |||| 00| 0 eng d | ||
| 020 | _a0117528862 | ||
| 035 | _a(Sirsi) u71003 | ||
| 041 | _aeng | ||
| 050 | _a306.0212 | ||
| 110 |
_aUnited Kingdom _bDepartment of the Environment _9982 |
||
| 245 | _aHousing and construction statistics 1982-1992: Great Britain. | ||
| 260 |
_aLondon _bHMSO _c1993 |
||
| 300 | _avii,226p. ; 30cm. | ||
| 350 | _a24 | ||
| 650 | _aBUILDING INDUSTRY | ||
| 650 | _aCONSTRUCTION OUTPUT | ||
| 650 | _aHOUSE BUILDING | ||
| 650 | _aHOUSING FINANCE | ||
| 650 | _aHOUSING RENOVATION | ||
| 650 | _aHOUSING STOCK | ||
| 650 | _aHOUSING | ||
| 650 | _aINVESTMENT | ||
| 650 | _aSLUM CLEARANCE | ||
| 650 | _aSTATISTICS | ||
| 690 | _aBUILT ENVIRONMENT | ||
| 690 | _aHOUSING | ||
| 710 |
_aUnited Kingdom _bScottish Office _91510 |
||
| 710 |
_aUnited Kingdom _bWelsh Office _91214 |
||
| 942 | _n0 | ||
| 948 | _c04/03/1997 | ||
| 999 |
_c95368 _d95368 |
||